{"text_format":"3","workbook":"xlsx","n_sheets":1,"sheets":["t512"],"read":"whole","date_system":"1900"}

{"sheet":"t512","index":0,"n_rows":184,"n_cols":7,"rows_kept":184,"merged":[[0,0,0,6],[28,0,28,5],[40,0,40,5],[151,0,151,5]]}
["TABELA 512.1 - Estatísticas Agrícolas, Município de Santa Cruz das Palmeiras, Estado de São Paulo, 2016/17."]
["ITEM","UNIDADE","N.DE UPAs","MÍNIMO","MÉDIO","MÁXIMO","TOTAL"]
["Distância à sede do município","km",268,0.1,{"v":7.03,"d":"7.0"},{"v":65,"d":"65.0"},"-"]
["Área total","hectare",268,2.4,{"v":106.85,"d":"106.9"},{"v":3022.3,"d":"3,022.3"},{"v":28635.51,"d":"28,635.5"}]
["Área com cultura perene","hectare",21,0.5,{"v":62.85,"d":"62.9"},301.8,{"v":1319.9,"d":"1,319.9"}]
["Área com cultura temporária","hectare",241,0.4,{"v":83.48,"d":"83.5"},{"v":2224.7,"d":"2,224.7"},{"v":20119.49,"d":"20,119.5"}]
["Área com pastagem","hectare",81,0.4,11.5,150.6,931.1]
["Área com reflorestamento","hectare",34,0.2,{"v":7.36,"d":"7.4"},42.9,250.1]
["Área com vegetação natural","hectare",188,{"v":0.07,"d":"0.1"},29.4,{"v":821,"d":"821.0"},{"v":5527.73,"d":"5,527.7"}]
["Área com vegetação de brejo e várzea","hectare",2,{"v":1,"d":"1.0"},{"v":1,"d":"1.0"},{"v":1,"d":"1.0"},{"v":2,"d":"2.0"}]
["Área em descanso","hectare",4,{"v":2,"d":"2.0"},{"v":7.38,"d":"7.4"},{"v":19.72,"d":"19.7"},{"v":29.52,"d":"29.5"}]
["Área complementar","hectare",179,{"v":0.01,"d":"0.0"},{"v":2.55,"d":"2.6"},{"v":32.69,"d":"32.7"},{"v":455.67,"d":"455.7"}]
["Área das UPAs com (0, 1] ha","hectare","-","-","-","-","-"]
["Área das UPAs com (1, 2] ha","hectare","-","-","-","-","-"]
["Área das UPAs com (2, 5] ha","hectare",36,2.4,{"v":3.66,"d":"3.7"},{"v":4.97,"d":"5.0"},{"v":131.91,"d":"131.9"}]
["Área das UPAs com (5, 10] ha","hectare",44,{"v":5.36,"d":"5.4"},{"v":7.39,"d":"7.4"},{"v":10,"d":"10.0"},{"v":325.36,"d":"325.4"}]
["Área das UPAs com (10, 20] ha","hectare",56,10.3,{"v":14.67,"d":"14.7"},{"v":19.72,"d":"19.7"},{"v":821.62,"d":"821.6"}]
["Área das UPAs com (20, 50] ha","hectare",61,20.5,{"v":34.23,"d":"34.2"},49.6,{"v":2088.09,"d":"2,088.1"}]
["Área das UPAs com (50, 100] ha","hectare",21,52.6,{"v":68.58,"d":"68.6"},92.2,{"v":1440.2,"d":"1,440.2"}]
["Área das UPAs com (100, 200] ha","hectare",16,101.6,{"v":141.12,"d":"141.1"},{"v":191,"d":"191.0"},{"v":2257.92,"d":"2,257.9"}]
["Área das UPAs com (200, 500] ha","hectare",21,{"v":220,"d":"220.0"},{"v":329.79,"d":"329.8"},{"v":473,"d":"473.0"},{"v":6925.49,"d":"6,925.5"}]
["Área das UPAs com (500, 1.000] ha","hectare",8,{"v":531,"d":"531.0"},{"v":728.43,"d":"728.4"},{"v":946.82,"d":"946.8"},{"v":5827.42,"d":"5,827.4"}]
["Área das UPAs com (1.000, 2.000] ha","hectare",4,{"v":1075.8,"d":"1,075.8"},{"v":1448.8,"d":"1,448.8"},{"v":1911.8,"d":"1,911.8"},{"v":5795.2,"d":"5,795.2"}]
["Área das UPAs com (2.000, 5.000] ha","hectare",1,{"v":3022.3,"d":"3,022.3"},{"v":3022.3,"d":"3,022.3"},{"v":3022.3,"d":"3,022.3"},{"v":3022.3,"d":"3,022.3"}]
["Área das UPAs com (5.000, 10.000] ha","hectare","-","-","-","-","-"]
["Área das UPAs acima de 10.000 ha","hectare","-","-","-","-","-"]
["Fonte: Secretaria de Agricultura e Abastecimento, CDRS/IEA, Projeto LUPA."]
[]
["TABELA 512.2 - Explorações Animais, Município de Santa Cruz das Palmeiras, Estado de São Paulo, 2016/17."]
["ITEM","UNIDADE","N.DE UPAs","MÍNIMO","MÉDIO","MÁXIMO","TOTAL"]
["Asininos e muares","cabecas",1,{"v":1,"d":"1.0"},{"v":1,"d":"1.0"},{"v":1,"d":"1.0"},{"v":1,"d":"1.0"}]
["Avicultura de corte","cabecas/ano",1,{"v":130000,"d":"130,000.0"},{"v":130000,"d":"130,000.0"},{"v":130000,"d":"130,000.0"},{"v":130000,"d":"130,000.0"}]
["Bovinocultura de corte","cabecas",4,{"v":8,"d":"8.0"},{"v":39,"d":"39.0"},{"v":93,"d":"93.0"},{"v":156,"d":"156.0"}]
["Bovinocultura leiteira","cabecas",11,{"v":8,"d":"8.0"},{"v":63.27,"d":"63.3"},{"v":170,"d":"170.0"},{"v":696,"d":"696.0"}]
["Bovinocultura mista","cabecas",21,{"v":2,"d":"2.0"},{"v":34.43,"d":"34.4"},{"v":179,"d":"179.0"},{"v":723,"d":"723.0"}]
["Equinocultura","cabecas",5,{"v":1,"d":"1.0"},3.8,{"v":11,"d":"11.0"},{"v":19,"d":"19.0"}]
["Piscicultura","m2 tanques",1,{"v":2000,"d":"2,000.0"},{"v":2000,"d":"2,000.0"},{"v":2000,"d":"2,000.0"},{"v":2000,"d":"2,000.0"}]
["Suinocultura","cabecas",5,{"v":1,"d":"1.0"},18.2,{"v":55,"d":"55.0"},{"v":91,"d":"91.0"}]
["Fonte: Secretaria de Agricultura e Abastecimento, CDRS/IEA, Projeto LUPA."]
[]
["TABELA 512.3 -  Máquinas, Implementos e Benfeitorias, Município de Santa Cruz das Palmeiras, Estado de São Paulo, 2016/17."]
["ITEM","UNIDADE","N.DE UPAs","MÍNIMO","MÉDIO","MÁXIMO","TOTAL"]
["Arado comum (bacia, aiveca)","unidade",31,{"v":1,"d":"1.0"},{"v":1.19,"d":"1.2"},{"v":2,"d":"2.0"},{"v":37,"d":"37.0"}]
["Arado escarificador","unidade",18,{"v":1,"d":"1.0"},1.5,{"v":6,"d":"6.0"},{"v":27,"d":"27.0"}]
["Arado subsolador","unidade",27,{"v":1,"d":"1.0"},{"v":1.07,"d":"1.1"},{"v":2,"d":"2.0"},{"v":29,"d":"29.0"}]
["Batedeira de cereais","unidade",15,{"v":1,"d":"1.0"},{"v":1.13,"d":"1.1"},{"v":2,"d":"2.0"},{"v":17,"d":"17.0"}]
["Carregadeira de cana","unidade",5,{"v":1,"d":"1.0"},1.6,{"v":3,"d":"3.0"},{"v":8,"d":"8.0"}]
["Carreta de trator","unidade",10,{"v":1,"d":"1.0"},{"v":2,"d":"2.0"},{"v":3,"d":"3.0"},{"v":20,"d":"20.0"}]
["Colhedeira acoplada","unidade",2,{"v":1,"d":"1.0"},{"v":1,"d":"1.0"},{"v":1,"d":"1.0"},{"v":2,"d":"2.0"}]
["Colhedeira automotriz","unidade",3,{"v":1,"d":"1.0"},{"v":2,"d":"2.0"},{"v":3,"d":"3.0"},{"v":6,"d":"6.0"}]
["Computador","unidade",3,{"v":1,"d":"1.0"},{"v":2.33,"d":"2.3"},{"v":5,"d":"5.0"},{"v":7,"d":"7.0"}]
["Conj.irrigacao autopropelido","unidade",4,{"v":1,"d":"1.0"},{"v":1.25,"d":"1.3"},{"v":2,"d":"2.0"},{"v":5,"d":"5.0"}]
["Conj.irrigacao convencional","unidade",8,{"v":1,"d":"1.0"},{"v":1,"d":"1.0"},{"v":1,"d":"1.0"},{"v":8,"d":"8.0"}]
["Conj.irrigacao pivot central","unidade",3,{"v":1,"d":"1.0"},{"v":8.67,"d":"8.7"},{"v":24,"d":"24.0"},{"v":26,"d":"26.0"}]
["Conjunto de fenacao","unidade",2,{"v":1,"d":"1.0"},{"v":1,"d":"1.0"},{"v":1,"d":"1.0"},{"v":2,"d":"2.0"}]
["Desintegrador de palha (plantio direto)","unidade",1,{"v":1,"d":"1.0"},{"v":1,"d":"1.0"},{"v":1,"d":"1.0"},{"v":1,"d":"1.0"}]
["Desintegrador, picador, triturador","unidade",69,{"v":1,"d":"1.0"},{"v":1.32,"d":"1.3"},{"v":4,"d":"4.0"},{"v":91,"d":"91.0"}]
["Distribuidor de calcario","unidade",18,{"v":1,"d":"1.0"},{"v":1.17,"d":"1.2"},{"v":3,"d":"3.0"},{"v":21,"d":"21.0"}]
["Ensiladeira","unidade",11,{"v":1,"d":"1.0"},{"v":1.18,"d":"1.2"},{"v":2,"d":"2.0"},{"v":13,"d":"13.0"}]
["Grade aradora (tipo romi)","unidade",21,{"v":1,"d":"1.0"},{"v":1.29,"d":"1.3"},{"v":3,"d":"3.0"},{"v":27,"d":"27.0"}]
["Grade niveladora","unidade",45,{"v":1,"d":"1.0"},1.4,{"v":6,"d":"6.0"},{"v":63,"d":"63.0"}]
["Implementos para tracao animal","unidade",10,{"v":1,"d":"1.0"},1.5,{"v":2,"d":"2.0"},{"v":15,"d":"15.0"}]
["Misturador de racao","unidade",8,{"v":1,"d":"1.0"},{"v":1.13,"d":"1.1"},{"v":2,"d":"2.0"},{"v":9,"d":"9.0"}]
["Ordenhadeira mecanica","unidade",4,{"v":1,"d":"1.0"},{"v":1,"d":"1.0"},{"v":1,"d":"1.0"},{"v":4,"d":"4.0"}]
["Pulverizador tratorizado","unidade",54,{"v":1,"d":"1.0"},{"v":2,"d":"2.0"},{"v":17,"d":"17.0"},{"v":108,"d":"108.0"}]
["Resfriador de leite, tanque expansao","unidade",6,{"v":1,"d":"1.0"},{"v":1.33,"d":"1.3"},{"v":2,"d":"2.0"},{"v":8,"d":"8.0"}]
["Roçadora","unidade",5,{"v":1,"d":"1.0"},{"v":1,"d":"1.0"},{"v":1,"d":"1.0"},{"v":5,"d":"5.0"}]
["Semeadeira/adubadeira para plantio convencional","unidade",27,{"v":1,"d":"1.0"},{"v":1.41,"d":"1.4"},{"v":3,"d":"3.0"},{"v":38,"d":"38.0"}]
["Semeadeira/plantadeira plantio direto","unidade",8,{"v":1,"d":"1.0"},{"v":1.25,"d":"1.3"},{"v":2,"d":"2.0"},{"v":10,"d":"10.0"}]
["Trator de pneus  acima de 85 cv","unidade",26,{"v":1,"d":"1.0"},{"v":1.77,"d":"1.8"},{"v":6,"d":"6.0"},{"v":46,"d":"46.0"}]
["Trator de pneus até 65 cv","unidade",43,{"v":1,"d":"1.0"},{"v":1.42,"d":"1.4"},{"v":4,"d":"4.0"},{"v":61,"d":"61.0"}]
["Trator de pneus de 66 cv a 85 cv","unidade",50,{"v":1,"d":"1.0"},{"v":1.78,"d":"1.8"},{"v":6,"d":"6.0"},{"v":89,"d":"89.0"}]
["Acude/represa","unidade",71,{"v":1,"d":"1.0"},{"v":1.85,"d":"1.9"},{"v":12,"d":"12.0"},{"v":131,"d":"131.0"}]
["Alambique","unidade",1,{"v":1,"d":"1.0"},{"v":1,"d":"1.0"},{"v":1,"d":"1.0"},{"v":1,"d":"1.0"}]
["Almoxarifado/oficina","unidade",27,{"v":1,"d":"1.0"},{"v":1.22,"d":"1.2"},{"v":3,"d":"3.0"},{"v":33,"d":"33.0"}]
["Armazem para graos ensacados","sacas",11]
["Balanca para bovinos","unidade",4,{"v":1,"d":"1.0"},{"v":1,"d":"1.0"},{"v":1,"d":"1.0"},{"v":4,"d":"4.0"}]
["Balanca para veiculos","unidade",4,{"v":1,"d":"1.0"},{"v":1,"d":"1.0"},{"v":1,"d":"1.0"},{"v":4,"d":"4.0"}]
["Barracao para granja/avicultura","unidade",6,{"v":1,"d":"1.0"},1.5,{"v":3,"d":"3.0"},{"v":9,"d":"9.0"}]
["Barracao/galpao/garagem","unidade",118,{"v":1,"d":"1.0"},{"v":1.55,"d":"1.6"},{"v":9,"d":"9.0"},{"v":183,"d":"183.0"}]
["Casa de moradia habitada","unidade",140,{"v":1,"d":"1.0"},{"v":2.36,"d":"2.4"},{"v":19,"d":"19.0"},{"v":330,"d":"330.0"}]
["Casa de moradia total","unidade",144,{"v":1,"d":"1.0"},{"v":3.35,"d":"3.4"},{"v":50,"d":"50.0"},{"v":483,"d":"483.0"}]
["Curral/mangueira","unidade",69,{"v":1,"d":"1.0"},{"v":1.09,"d":"1.1"},{"v":3,"d":"3.0"},{"v":75,"d":"75.0"}]
["Deposito/tulha","unidade",70,{"v":1,"d":"1.0"},{"v":1.16,"d":"1.2"},{"v":3,"d":"3.0"},{"v":81,"d":"81.0"}]
["Engenho","unidade",1,{"v":1,"d":"1.0"},{"v":1,"d":"1.0"},{"v":1,"d":"1.0"},{"v":1,"d":"1.0"}]
["Estabulo","unidade",28,{"v":1,"d":"1.0"},{"v":1.07,"d":"1.1"},{"v":2,"d":"2.0"},{"v":30,"d":"30.0"}]
["Estacao/posto meteorologico","unidade",1,{"v":1,"d":"1.0"},{"v":1,"d":"1.0"},{"v":1,"d":"1.0"},{"v":1,"d":"1.0"}]
["Estufa/plasticultura","m2",1]
["Instalacoes para equinos","unidade",8,{"v":1,"d":"1.0"},1.5,{"v":4,"d":"4.0"},{"v":12,"d":"12.0"}]
["Maquina de beneficio","unidade",6,{"v":1,"d":"1.0"},{"v":1,"d":"1.0"},{"v":1,"d":"1.0"},{"v":6,"d":"6.0"}]
["Packing house","unidade",1,{"v":1,"d":"1.0"},{"v":1,"d":"1.0"},{"v":1,"d":"1.0"},{"v":1,"d":"1.0"}]
["Pocilga","unidade",14,{"v":1,"d":"1.0"},{"v":1.21,"d":"1.2"},{"v":2,"d":"2.0"},{"v":17,"d":"17.0"}]
["Poco semi-artesiano","unidade",11,{"v":1,"d":"1.0"},{"v":1.45,"d":"1.5"},{"v":3,"d":"3.0"},{"v":16,"d":"16.0"}]
["Secador de graos","unidade",6,{"v":1,"d":"1.0"},{"v":1,"d":"1.0"},{"v":1,"d":"1.0"},{"v":6,"d":"6.0"}]
["Silo para graos","ton",1]
["Silo para silagem","ton",8]
["Terreiro","m2",30]
["Fonte: Secretaria de Agricultura e Abastecimento, CDRS/IEA, Projeto LUPA."]
[]
["TABELA 512.4 - Outras Estatísticas Agrícolas, Município de Santa Cruz das Palmeiras, Estado de São Paulo, 2016/17."]
["ITEM","Número de UPAs",null,"Percentual"]
["Faz Parte de Associação de Produtores",68,null,{"v":25.37313432835821,"d":"25.4"}]
["Faz Parte de Cooperativa de Produtores",163,null,{"v":60.82089552238806,"d":"60.8"}]
["Faz Parte do Sindicato de Produtores",95,null,{"v":35.44776119402985,"d":"35.4"}]
["Não utiliza assistência técnica ",60,null,{"v":22.388059701492537,"d":"22.4"}]
["Utiliza somente assistência técnica governamental ",54,null,{"v":20.149253731343283,"d":"20.1"}]
["Utiliza somente assistência técnica privada ",65,null,{"v":24.253731343283583,"d":"24.3"}]
["Utiliza assistência técnica tanto governamental quanto privada",89,null,{"v":33.2089552238806,"d":"33.2"}]
["Utiliza Crédito Rural",79,null,{"v":29.47761194029851,"d":"29.5"}]
["Utiliza Seguro Rural",21,null,{"v":7.835820895522388,"d":"7.8"}]
["Utiliza Escrituração Agrícola",129,null,{"v":48.134328358208954,"d":"48.1"}]
["Acessa Internet p/ Fins na Agropecuária",26,null,{"v":9.701492537313433,"d":"9.7"}]
["Utiliza Computador nas Atividades Agropecuárias",41,null,{"v":15.298507462686567,"d":"15.3"}]
["Utiliza Energia Elétrica Para Uso na Atividade Agrícola",171,null,{"v":63.805970149253724,"d":"63.8"}]
["Utiliza Energia Alternativa","-",null,"-"]
["Realiza Análise de Solo, quando necessário",103,null,{"v":38.43283582089553,"d":"38.4"}]
["Realiza Calagem",57,null,{"v":21.268656716417908,"d":"21.3"}]
["Utiliza Práticas de Conservação de Solo, quando necessário",236,null,{"v":88.05970149253731,"d":"88.1"}]
["Faz Adubação Mineral, quando necessário",229,null,{"v":85.44776119402985,"d":"85.4"}]
["Faz Adubação Orgânica, quando necessário",41,null,{"v":15.298507462686567,"d":"15.3"}]
["Faz Adubação Verde, quando necessário",8,null,{"v":2.985074626865672,"d":"3.0"}]
["Utiliza Manejo Integrado de Pragas (MIP)",4,null,{"v":1.492537313432836,"d":"1.5"}]
["Utiliza Hidroponia","-",null,"-"]
["Utiliza Cultivo em Estufa",3,null,{"v":1.1194029850746268,"d":"1.1"}]
["Utiliza Mudas Fiscalizadas",133,null,{"v":49.626865671641795,"d":"49.6"}]
["Utiliza Semente Melhorada",42,null,{"v":15.671641791044776,"d":"15.7"}]
["Faz Confinamento de Bovinos",9,null,{"v":3.3582089552238807,"d":"3.4"}]
["Utiliza Pastejo Intensivo",6,null,{"v":2.238805970149254,"d":"2.2"}]
["Faz Inseminação Artificial",5,null,{"v":1.8656716417910448,"d":"1.9"}]
["Faz Mineralização do Rebanho",31,null,{"v":11.567164179104479,"d":"11.6"}]
["Faz Vermifugação do Rebanho",31,null,{"v":11.567164179104479,"d":"11.6"}]
["Possui Parceiros /Arrendatários na Exploração Animal",48,null,{"v":17.91044776119403,"d":"17.9"}]
["Existência de trabalhadores c/ deficiência na UPA","-",null,"-"]
["Esporte e lazer",4,null,{"v":1.492537313432836,"d":"1.5"}]
["Extração mineral","-",null,"-"]
["Hotel Fazenda, Pousada ou SPA","-",null,"-"]
["Pesque-pague","-",null,"-"]
["Restaurante ou Lanchonete","-",null,"-"]
["Transformação artesanal","-",null,"-"]
["Turismo rural ou ecoturismo","-",null,"-"]
["Outras atividades econômicas rurais",3,null,{"v":1.1194029850746268,"d":"1.1"}]
["Agroindústria",1,null,{"v":0.3731343283582089,"d":"0.4"}]
["Proprietário sem instrução ou com instrução incompleta",6,null,{"v":2.238805970149254,"d":"2.2"}]
["Proprietário com antigo primário completo",57,null,{"v":21.268656716417908,"d":"21.3"}]
["Proprietário com 1° grau (ou antigo ginasial) completo",59,null,{"v":22.01492537313433,"d":"22.0"}]
["Proprietário com 2° grau (ou antigo colegial) completo",33,null,{"v":12.313432835820896,"d":"12.3"}]
["Proprietário com curso superior completo ",101,null,{"v":37.6865671641791,"d":"37.7"}]
["Pessoa Jurídica",12,null,{"v":4.477611940298508,"d":"4.5"}]
["Proprietário residente na própria UPA ",67,null,{"v":25,"d":"25.0"}]
["Fonte: Secretaria de Agricultura e Abastecimento, CDRS/IEA, Projeto LUPA."]
[]
["TABELA 512.5 - Área Cultivada, Município de Santa Cruz das Palmeiras, Estado de São Paulo, 2016/17."]
["CULTURA","N.DE UPAs","MÍNIMO","MÉDIO","MÁXIMO","TOTAL"]
["Cana-de-acucar finalidade industria",208,0.4,{"v":87.97,"d":"88.0"},{"v":1430.5,"d":"1,430.5"},{"v":18297.7,"d":"18,297.7"}]
["Braquiaria",74,0.4,{"v":11.57,"d":"11.6"},150.6,855.9]
["Milho safra",23,{"v":1,"d":"1.0"},{"v":33.87,"d":"33.9"},{"v":585,"d":"585.0"},779.1]
["Laranja Mercado",7,1.8,{"v":95.66,"d":"95.7"},301.8,669.6]
["Cafe",4,{"v":3,"d":"3.0"},{"v":88.83,"d":"88.8"},158.3,355.3]
["Soja",3,10.4,{"v":105.73,"d":"105.7"},{"v":277,"d":"277.0"},317.2]
["Trigo",1,{"v":302,"d":"302.0"},{"v":302,"d":"302.0"},{"v":302,"d":"302.0"},{"v":302,"d":"302.0"}]
["Batata-inglesa (ou batata, ou batatinha)",1,{"v":244,"d":"244.0"},{"v":244,"d":"244.0"},{"v":244,"d":"244.0"},{"v":244,"d":"244.0"}]
["Eucalipto",34,0.2,{"v":7.03,"d":"7.0"},42.9,239.1]
["Laranja Industria",2,{"v":58,"d":"58.0"},{"v":119,"d":"119.0"},{"v":180,"d":"180.0"},{"v":238,"d":"238.0"}]
["Mandioca",9,{"v":1,"d":"1.0"},{"v":7.38,"d":"7.4"},21.8,66.4]
["Cana-de-acucar outras finalidades",6,0.6,{"v":8.68,"d":"8.7"},{"v":32,"d":"32.0"},52.1]
["Abacate",4,2.1,10.5,34.6,{"v":42,"d":"42.0"}]
["Capim-napier (ou capim-elefante)",6,0.6,{"v":6.82,"d":"6.8"},{"v":29,"d":"29.0"},40.9]
["Gramas",4,1.9,{"v":7.08,"d":"7.1"},14.5,28.3]
["Sorgo",3,5.4,{"v":7.97,"d":"8.0"},{"v":12,"d":"12.0"},23.9]
["Milho-silagem",5,{"v":1,"d":"1.0"},{"v":4.66,"d":"4.7"},8.6,23.3]
["Algodao",1,8.5,8.5,8.5,8.5]
["Manga",2,0.7,{"v":3.85,"d":"3.9"},{"v":7,"d":"7.0"},7.7]
["Coloniao",1,{"v":6,"d":"6.0"},{"v":6,"d":"6.0"},{"v":6,"d":"6.0"},{"v":6,"d":"6.0"}]
["Outras florestais",1,{"v":6,"d":"6.0"},{"v":6,"d":"6.0"},{"v":6,"d":"6.0"},{"v":6,"d":"6.0"}]
["Lichia",1,5.5,5.5,5.5,5.5]
["Jilo",2,2.5,{"v":2.55,"d":"2.6"},2.6,5.1]
["Pinus",1,{"v":5,"d":"5.0"},{"v":5,"d":"5.0"},{"v":5,"d":"5.0"},{"v":5,"d":"5.0"}]
["Quiabo",1,3.8,3.8,3.8,3.8]
["Alface",4,0.1,0.6,1.2,2.4]
["Goiaba",1,0.8,0.8,0.8,0.8]
["Outras olericolas",1,0.6,0.6,0.6,0.6]
["Viveiro de citros",1,0.5,0.5,0.5,0.5]
["Banana",1,0.5,0.5,0.5,0.5]
["Fonte: Secretaria de Agricultura e Abastecimento, CDRS/IEA, Projeto LUPA."]